| 000 | 00682nam a2200121Ia 4500 | ||
|---|---|---|---|
| 008 | 220615s9999||||xx |||||||||||||| ||und|| | ||
| 245 | 0 |
_aBreaking Intergenerational Cycles of Repetition _bA Global Dialogue on Historical Trauma and Memory |
|
| 546 | _aEnglish[eng] | ||
| 650 | _aPsychology||Reconciliation||Social Healing||Survival||Experience of Violence||intergenerational traumatization||society and trauma | ||
| 700 | _aGobodo-Madikizela, Pumla | ||
| 856 | _uhttps://library.oapen.org/bitstream/20.500.12657/25802/1/1004287.pdf||https://library.oapen.org/bitstream/20.500.12657/25802/1/1004287.pdf||https://library.oapen.org/bitstream/20.500.12657/25802/1/1004287.pdf | ||
| 942 | _cEB | ||
| 999 |
_c9624 _d9624 |
||